Management plans as multi-purpose agreements between the landed estate and the state (Record no. 74071)

MARC details
000 -LEADER
fixed length control field 01194cab a2200229 4500
001 - CONTROL NUMBER
control field ABS67458
008 - FIXED-LENGTH DATA ELEMENTS--GENERAL INFORMATION
fixed length control field 040126n2003 000 0 eng u
035 ## - SYSTEM CONTROL NUMBER
System control number (Sirsi) u124904
100 ## - MAIN ENTRY--PERSONAL NAME
Personal name Walshe, P.
245 ## - TITLE STATEMENT
Title Management plans as multi-purpose agreements between the landed estate and the state
260 ## - PUBLICATION, DISTRIBUTION, ETC.
Date of publication, distribution, etc. 2003
490 ## - SERIES STATEMENT
Series statement Christie's Bulletin for Professional Advisers
Volume/sequential designation 8(2) Winter, 1-17(6)
520 ## - SUMMARY, ETC.
Summary, etc. Discusses the inception and implementation of heritage landscape management plans. In particular it covers the purpose and value of these plans from their establishment and discusses agreements reached by various organisations including English Heritage and English Nature. Plans for estates such as Stourhead and Blenheim Palace were first devised in the 1970s and used for a range of land and property agreements between the state and the individual estates. These plans have also been employed as ways of managing exemption of properties from inheritance tax.
590 ## - LOCAL NOTE (RLIN)
Local note ABS
650 ## - SUBJECT ADDED ENTRY--TOPICAL TERM
Topical term or geographic name entry element COUNTRY ESTATES
650 ## - SUBJECT ADDED ENTRY--TOPICAL TERM
Topical term or geographic name entry element MANAGEMENT PLANS
650 ## - SUBJECT ADDED ENTRY--TOPICAL TERM
Topical term or geographic name entry element HERITAGE
650 ## - SUBJECT ADDED ENTRY--TOPICAL TERM
Topical term or geographic name entry element TAX
650 ## - SUBJECT ADDED ENTRY--TOPICAL TERM
Topical term or geographic name entry element TAX EXEMPTIONS
690 ## - LOCAL SUBJECT ADDED ENTRY--TOPICAL TERM (OCLC, RLIN)
Topical term or geographic name as entry element PROPERTY MANAGEMENT
9 (RLIN) 6262
942 ## - ADDED ENTRY ELEMENTS (KOHA)
Suppress in OPAC 0
Holdings
Withdrawn status Lost status Source of classification or shelving scheme Damaged status Not for loan Home library Current library Shelving location Date acquired Total Checkouts Full call number Barcode Date last seen Copy number Price effective from Koha item type
    Dewey Decimal Classification     London London Journal article 26/01/2004   ABS67458 124904-1001 06/08/2019 1 06/08/2019 Journal article